Narrativa hispanoamericana : (Record no. 131499)

MARC details
000 -LEADER
campo de control de longitud fija 01127nam a2200265 4500
001 - NÚMERO DE CONTROL
campo de control 131499
003 - IDENTIFICADOR DE NÚMERO DE CONTROL
campo de control ES-MaACL
005 - FECHA Y HORA DE LA ÚLTIMA TRANSACCIÓN
campo de control 20251003180857.0
007 - CAMPO FIJO DE DESCRIPCIÓN FÍSICA--INFORMACIÓN GENERAL
campo de control de longitud fija t|
008 - DATOS DE LONGITUD FIJA--INFORMACIÓN GENERAL
campo de control de longitud fija 070214s1973 sp r ||||1| spa d
080 ## - NÚMERO DE LA CLASIFICACIÓN DECIMAL UNIVERSAL
Número de la Clasificación Decimal Universal 860(8.03)-3.09"19"
100 1# - ENTRADA PRINCIPAL--NOMBRE DE PERSONA
Nombre de persona Rodríguez Alcalá, Hugo.
9 (RLIN) 98325
245 10 - MENCIÓN DEL TÍTULO
Título Narrativa hispanoamericana :
Resto del título Güiraldes-Carpentier-Roa Bastos-Rulfo : (estudios sobre invención y sentido) /
Mención de responsabilidad, etc. Hugo Rodríguez Alcalá.
260 ## - PUBLICACIÓN, DISTRIBUCIÓN, ETC.
Lugar de publicación, distribución, etc. Madrid :
Nombre del editor, distribuidor, etc. Gredos,
Fecha de publicación, distribución, etc. 1973.
300 ## - DESCRIPCIÓN FÍSICA
Extensión 217 p. ;
Dimensiones 19 cm.
490 1# - MENCIÓN DE SERIE
Mención de serie Biblioteca románica hispánica VII. Campo abierto ;
Designación de volumen o secuencia 33
600 14 - PUNTO DE ACCESO ADICIONAL DE MATERIA--NOMBRE DE PERSONA
Nombre de persona Güiraldes, Ricardo-
Subdivisión general Crítica e interpretación.
9 (RLIN) 173457
600 14 - PUNTO DE ACCESO ADICIONAL DE MATERIA--NOMBRE DE PERSONA
Nombre de persona Carpentier, Alejo-
Subdivisión general Crítica e interpretación.
9 (RLIN) 35443
600 14 - PUNTO DE ACCESO ADICIONAL DE MATERIA--NOMBRE DE PERSONA
Nombre de persona Roa Bastos, Augusto,
Fechas asociadas al nombre 1917-2005-
Subdivisión general Crítica e interpretación
9 (RLIN) 173458
600 14 - PUNTO DE ACCESO ADICIONAL DE MATERIA--NOMBRE DE PERSONA
Nombre de persona Rulfo, Juan (
Fechas asociadas al nombre 1917-1986)-
Subdivisión general Crítica e interpretación.
9 (RLIN) 173453
650 #4 - PUNTO DE ACCESO ADICIONAL DE MATERIA--TÉRMINO DE MATERIA
Término de materia o nombre geográfico como elemento de entrada Literatura hispanoamericana-
Subdivisión cronológica S.XX-
Subdivisión general Historia y crítica.
9 (RLIN) 14614
830 1# - PUNTO DE ACCESO ADICIONAL DE SERIE-TÍTULO UNIFORME
Título uniforme Biblioteca románica hispánica VII. Campo abierto ;
Designación de volumen o secuencia 33
9 (RLIN) 181186
852 ## - LOCALIZACIÓN
Ubicación ES-MaACL
Número de control de estantería C-55804
Holdings
Estatus retirado Estado de pérdida Estado de daño No para préstamo Biblioteca de origen Biblioteca actual Ubicación en estantería Fecha de adquisición Fuente de adquisición Total de préstamos Signatura topográfica completa Código de barras Visto por última vez Precio de reemplazo Tipo de ítem Koha
        Biblioteca del Ateneo de Madrid Biblioteca del Ateneo de Madrid Depósito 2 17/01/2008     C-55804 1136898 23/02/2023 23/02/2023 Libro impreso